LEADER 01241nas 2200445-a 450 001 996214808603316 005 20210205234058.0 011 $a1938-2049 035 $a(OCoLC)276287084 035 $a(CKB)1000000000700530 035 $a(CONSER)--2008214109 035 $a(DE-599)ZDB2613690-9 035 $a(EXLCZ)991000000000700530 100 $a20081124a20109999 s-- a 101 0 $aeng 135 $aur||||||||||| 181 $ctxt$2rdacontent 182 $cc$2rdamedia 183 $acr$2rdacarrier 200 10$aSelf/nonself 210 $aAustin, TX $cLandes Bioscience$d©2010- 300 $aRefereed/Peer-reviewed 311 $a1938-2030 606 $aImmunology$vPeriodicals 606 $aNatural immunity$vPeriodicals 606 $aImmune System$xphysiology 606 $aImmune System Phenomena 606 $aSignal Transduction$ximmunology 608 $aPeriodical . 615 0$aImmunology 615 0$aNatural immunity 615 12$aImmune System$xphysiology. 615 22$aImmune System Phenomena. 615 22$aSignal Transduction$ximmunology. 676 $a571 712 02$aLandes Bioscience. 906 $aJOURNAL 912 $a996214808603316 996 $aSelf$91988122 997 $aUNISA LEADER 03376nam 2200793 450 001 9910808877603321 005 20230807211005.0 010 $a3-11-039401-4 010 $a3-11-033954-4 024 7 $a10.1515/9783110339543 035 $a(CKB)3360000000515120 035 $a(EBL)1524382 035 $a(SSID)ssj0001403088 035 $a(PQKBManifestationID)11760198 035 $a(PQKBTitleCode)TC0001403088 035 $a(PQKBWorkID)11364967 035 $a(PQKB)10498060 035 $a(MiAaPQ)EBC1524382 035 $a(DE-B1597)214828 035 $a(OCoLC)899588707 035 $a(DE-B1597)9783110339543 035 $a(Au-PeEL)EBL1524382 035 $a(CaPaEBR)ebr11010190 035 $a(CaONFJC)MIL809030 035 $a(EXLCZ)993360000000515120 100 $a20141104h20152015 uy| 0 101 0 $aeng 135 $aur|nu---|u||u 181 $ctxt 182 $cc 183 $acr 200 00$aTense and aspect in Han period Chinese $ea linguistic analysis of the 'Shiji?' /$fedited by Barbara Meisterernst 210 1$aBerlin ;$aBoston :$cDe Gruyter Mouton,$d[2015] 210 4$d©2015 215 $a1 online resource (538 p.) 225 1 $aTrends in linguistics. Studies and monographs,$x1861-4302 ;$v274 300 $aDescription based upon print version of record. 311 $a3-11-033932-3 320 $aIncludes bibliographical references and index. 327 $tFront matter --$tAcknowledgments --$tContents --$tList of abbreviations --$t1 General introduction --$t2 The category tense --$t3 The category aspect --$t4 Tense and aspect in Chinese --$t5 The syntactic and semantic analysis of temporal adverbials and duration phrases --$t6 The syntactic and semantic constraints of aspecto-temporal adverbs in the Shi?jì --$t7 Conclusion --$tBibliography --$tIndex 330 $aMany grammatical issues of Archaic and Medieval Chinese still lack a comprehensive analysis. The book provides the first thorough investigation of the syntactic and semantic constraints of the linguistic categories tense and aspect and their relation with the lexical aspect of the verb in Han period Chinese. The author uncovers fascinating details of a language with a highly restricted verbal morphology. 410 0$aTrends in linguistics.$pStudies and monographs ;$v274. 606 $aChinese language$xHistory$yHan dynasty, 202 B.C.-220 A.D 606 $aChinese language$yTo 600 606 $aChinese language$xTense 606 $aChinese language$xAspect 606 $aLinguistic analysis (Linguistics)$xHistory 606 $aHistorical linguistics$zChina 610 $aAspect. 610 $aHan Period Chinese. 610 $aTense. 610 $aVerb Semantic. 615 0$aChinese language$xHistory 615 0$aChinese language 615 0$aChinese language$xTense. 615 0$aChinese language$xAspect. 615 0$aLinguistic analysis (Linguistics)$xHistory. 615 0$aHistorical linguistics 676 $a495.15/6 686 $aEG 9050$2rvk 700 $aMeisterernst$b Barbara, $4aut$4http://id.loc.gov/vocabulary/relators/aut$01642175 702 $aMeisterernst$b Barbara 801 0$bMiAaPQ 801 1$bMiAaPQ 801 2$bMiAaPQ 906 $aBOOK 912 $a9910808877603321 996 $aTense and aspect in Han period Chinese$93986740 997 $aUNINA